LEADER 01249nam a2200277 i 4500 001 000000353521 003 CaOOAMICUS 005 20230419113702.0 008 230419s2023 it u000 u ita u 020 $a978-88-372-3712-7 040 $aSeMil$bita 100 1 $aCanobbio, Giacomo,$d<1945- >.$0(OLS)http://semarc/name/2572 245 13$aUn nuovo volto della Chiesa? :$bteologia del Sinodo /$cGiacomo Canobbio. 264 1$aBrescia :$bMorcelliana,$c2023. 300 $a186 p. ;$c21 cm. 490 1 $aTeologia. Nuova serie ;$v21 650 4$aConcilio Vaticano II <1962-1965> - Ecclesiologia.$0(OLS)http://semarc/subject/3017 650 4$aChiesa e sinodalità.$0(OLS)http://semarc/subject/18874 650 4$aSinodalità episcopale.$0(OLS)http://semarc/subject/50828 830 0$aTeologia. Nuova serie ;$v21.$0(OLS)http://semarc/title/13271 850 $aSeMil 852 $aSeMil$W1$xVenegono$y1$m2TA E 21$j239636$B244702$CSeMilBibl$Z2$F244702 $81 996 $6020$a978-88-372-3712-7$9(OLS)http://semarc/number/298002 996 $6245$aUn nuovo volto della Chiesa? :$bteologia del Sinodo$9(OLS)http://semarc/title/443588 996 $6264$aBrescia :$bMorcelliana$9(OLS)http://semarc/publisher/29629 LEADER 00867nam a2200217 i 4500 001 000000098591 003 CaOOAMICUS 005 20151210000000.0 008 151210s1837 it u000 u ita u 013 $a70743 040 $aSeMil$bita 100 1 $aTensini, Giulio Cesare.$0(OLS)http://semarc/name/43092 245 10$aVita di s. Pantaleone martire /$c[Giulio Cesare Tensini]. 260 $aCrema :$bpresso Antonio Calvi,$cimprim. 1837. 300 $a101 p. ;$c19 cm. 500 $aNome dell'A. in calce alla dedica. 650 4$aPantaleone .$0(OLS)http://semarc/subject/16617 850 $aSeMil 852 $aSeMil$W1$xVenegono$y1$m3H II 52 FA$j56378$B56378$CSeMilBibl$Z2$F66102 $8I 996 $6245$aVita di s. Pantaleone martire$9(OLS)http://semarc/title/146452 996 $6260$aCrema :$bpresso Antonio Calvi$9(OLS)http://semarc/publisher/44596